Cultural awareness

Enregistré dans:
Détails bibliographiques
Auteurs principaux: Tomalin, Barry (Auteur), Stempleski, Susan (Auteur)
Format: Livre
Langue:anglais
Publié: Oxford Oxford University Press 1993
Édition:1a. ed
Collection:Resource Books for Teachers Series
Sujets:
Tags: Ajouter un tag
Pas de tags, Soyez le premier à ajouter un tag!

MARC

LEADER 00000cam a2200000 a 4500
001 UCP6064
003 CL-VaPUC
008 991008e19930000UK |||||||||||||||||eng|d
020 |a 0194371948 
082 0 4 |a 428.8  |b TOM  |2 21 
100 0 |a Tomalin, Barry  |e author  |9 434878 
700 0 |a Stempleski, Susan  |e author  |9 434879 
245 1 0 |a Cultural awareness 
250 |a 1a. ed 
300 |a 160 p 
942 |c BK 
945 |d 19991008 00:00:00  |a rbrito 
260 |a Oxford  |b Oxford University Press  |c 1993 
650 0 |a Enseñanza del inglés  |9 367340 
650 0 |a Enseñanza de idiomas  |9 339820 
650 0 |a Inglés  |9 260023 
583 |a last modification  |c 20170824 11:55:24  |k Rodrigo Vera 
490 0 |a Resource Books for Teachers Series 
999 |c 283688  |d 283686 
952 |0 0  |1 0  |4 0  |6 428_800000000000000_TOM_1993  |7 0  |8 A  |9 327084  |a BIBEDU  |b BIBEDU  |d 2019-11-20  |i 3569020  |o 428.8 TOM 1993  |p 3569020  |r 2019-11-20  |w 2019-11-20  |y BK  |k CIT 
952 |0 0  |1 0  |3 erb  |4 0  |6 428_800000000000000_TOM_1993  |7 0  |8 A  |9 327087  |a BIBEDU  |b BIBEDU  |i 5245664  |o 428.8 TOM 1993  |p 5245664  |r 2019-11-20  |w 2019-11-20  |y BK  |z Catalogado en:20151029  |k LIT 
952 |0 0  |1 0  |3 erb  |4 0  |6 428_800000000000000_TOM_1993  |7 0  |8 A  |9 327088  |a BIBEDU  |b BIBEDU  |i 5246849  |o 428.8 TOM 1993  |p 5246849  |r 2019-11-20  |w 2019-11-20  |y BK  |z Catalogado en:20151029  |k LIT